000 01406cam a2200349 i 4500
001 100902
005 20230410103604.0
008 790731s1978 pe a b 000 0 spa
010 _a 79108959
035 _a(OCoLC)ocm05446345
040 _aDLC
_cDLC
_dOCLCG
029 1 _aAU@
_b000041635382
035 _a(OCoLC)5446345
043 _as------
050 1 4 _a120 F 2235.3
_bB689 1978
082 0 0 _a980/.02/0924
245 0 0 _aBolívar, hombre del presente, nuncio del porvenir /
_cautores, Carlos Andrés Pérez ... [et al.] ; planeada y realizada por Octavio Mongrut Muñoz, Jorge Ponce de León y Roberto Ramírez del Villar, con la colaboración de Laura Bardález de Ponce de León ... [et al.].
260 _aLima :
_bAuge Editores,
_c[1978]
300 _a265 p. :
_bcol. ill. ;
_c29 cm.
504 _aIncludes bibliographical references.
600 1 0 _aBolívar, Simón,
_d1783-1830.
650 0 _aHeads of state
_zSouth America
_xBiography.
651 0 _aSouth America
_xHistory
_yWars of Independence, 1806-1830.
600 1 0 _aBolívar, Simón,
_d1783-1830
_xPortraits, caricatures, etc.
650 4 _a20151100
700 1 _aPérez, Carlos Andrés.
700 1 _aMongrut Muñoz, Octavio.
776 0 8 _iOnline version:
_tBolívar, hombre del presente, nuncio del porvenir.
_dLima : Auge Editores, [1978]
_w(OCoLC)656985196
942 _2lcc
_cbk
994 _aC0
_bDRFGD
946 _aNBM
999 _c21950
_d21950